Corruption in public service delivery: the real victims
Guardat en:
| Autor principal: | |
|---|---|
| Format: | Llibre |
| Idioma: | anglès |
| Publicat: |
Socio-Economic Rights and Accountability Project
2010
|
| Etiquetes: |
Afegir etiqueta
Sense etiquetes, Sigues el primer a etiquetar aquest registre!
|
MARC
| LEADER | 00000nam a22000007a 4500 | ||
|---|---|---|---|
| 008 | 231026b |||||||| |||| 00| 0 eng d | ||
| 020 | |a 9789789080632 | ||
| 100 | |a Socio-Economic Rights & Accountability Project | ||
| 245 | |a Corruption in public service delivery: |b the real victims |c / Socio-Economic Rights & Accountability Project |g viii, 212p. | ||
| 260 | |b Socio-Economic Rights and Accountability Project |c 2010 |h Lagos |i 695052 |l JQ3089.5.C81 |m Political corruption - Nigeria |m Political corruption - Nigeria - Public opinion |m Politics and government - Nigeria |m Civil service ethics - Nigeria | ||
| 942 | |a lcc |c BK |e A.R.Akinniyi |f 26:10:2023 | ||
| 952 | |0 0 |1 0 |2 lcc |4 0 |6 JQ30895 C81 |7 0 |9 4608 |a HOL |b HOL |c GJ |d 2023-10-26 |l 0 |o JQ3089.5.C81 |p 2023-0527 |r 2023-10-26 00:00:00 |t 695052 |w 2023-10-26 |y BK | ||
| 999 | |c 2311 |d 2311 | ||